| 000 | 00848nam a22002417a 4500 | ||
|---|---|---|---|
| 999 |
_c15166 _d15166 |
||
| 003 | AR-CdUCM | ||
| 008 | 190426b ||||| |||| 00| 0 spa d | ||
| 020 | _a978-958-30-3500-5 | ||
| 040 |
_aMUNICIPALIDAD PROVINCIAL DEL CUSCO _cBIBLIOTECA MUNICIPAL DEL CUSCO |
||
| 082 |
_aPI / 803 / _bM26 |
||
| 100 |
_aMarcuse, Aída E. _934191 |
||
| 245 | _aYo y los demás / | ||
| 260 |
_aBogotá : _bPanamericana, _c2010. |
||
| 300 |
_a67 páginas ; _bIlustraciones, _c20 cm. |
||
| 440 |
_aColección corcel _934192 |
||
| 505 | _aContenido: Mi familia -- Los demás -- La sociedad -- El país -- El mundo -- Yo tengo derechos... | ||
| 650 |
_aCuentos infantiles _93927 |
||
| 650 |
_aLiteratura infantil _9588 |
||
| 650 |
_aLa sociedad _99236 |
||
| 700 |
_aRodríguez, Andrés (ilustraciones) _926882 |
||
| 942 |
_2ddc _cLIBROS |
||
| 945 |
_adavv _d26/04/2019 |
||